| 000 | 01304nac a22003371u 4500 | ||
|---|---|---|---|
| 003 | EG-ScBUE | ||
| 005 | 20220322121340.0 | ||
| 008 | 200219s2000 enk f b 001 0 eng d | ||
| 020 | _a9780631204664 | ||
| 020 | _a0631204660 (pbk. : alk. paper) | ||
| 040 |
_aEG-ScBUE _beng _erda _cEG-ScBUE _dEG-ScBUE |
||
| 082 | 0 | 4 |
_a829.08 _bOLD _222 |
| 245 | 0 | 0 |
_aOld and middle English : _ban anthology / _cedited by Elaine Treharne. |
| 264 | 1 |
_aOxford : _bBlackwell Publishers Ltd, _c2000. |
|
| 300 |
_axvii, 622 pages ; _c24 cm. |
||
| 336 |
_2rdacontent _atext _btxt |
||
| 337 |
_2rdamedia _aunmediated _bn |
||
| 338 |
_2rdacarrier _avolume _bnc |
||
| 504 | _aIncludes bibliographical references and index. | ||
| 650 | 7 |
_aEnglish literature _yOld English, ca. 450-1100. _2BUEsh |
|
| 650 | 7 |
_aEnglish literature _yOld English, ca. 450-1100 _vModernized versions. _2BUEsh |
|
| 650 | 7 |
_aEnglish literature _yMiddle English, 1100-1500 _vModernized versions. _2BUEsh |
|
| 650 | 7 |
_aEnglish literature _yMiddle English, 1100-1500. _2BUEsh |
|
| 650 | 7 |
_aMiddle Ages _xLiterary collections. _2BUEsh |
|
| 650 | 7 |
_aManuscripts, Medieval _zEngland. _2BUEsh |
|
| 651 | _2BUEsh | ||
| 653 |
_bHHUUEENN _cMarch2022 |
||
| 655 |
_vReading book _934232 |
||
| 700 | 1 |
_aTreharne, Elaine M., _eeditor. _939973 |
|
| 942 |
_cBB _k829.08 OLD _2ddc |
||
| 999 |
_c7531 _d7531 |
||